00489cam a22001692 4500001001100000005001700011008004100028020001200069040001500081050001600096100003300112245005300145260005200198300001100250650002500261700003300286000000371820151217151930.0070514s xx 000 0 eng d cKES 600 aKABUcKABU 0aQC23b.R69 1 aRowell, Gilbert.@000016064910aPhysics /cby Gilbert Rowell and Sydney Herbert. aCambridge :bCambridge University Press,c1987. a409 p. 0aPhysics.@00001537781 aHerbert, Sydney.@0000160650